[Event "Titled Tuesday intern op 16th Jan Early"]
[Site "Chess.com INT"]
[Date "2024.01.16"]
[Round "10"]
[White "Radzhabov, Rodion"]
[Black "Terziev, Dimo"]
[Result "0-1"]
[WhiteElo "2265"]
[BlackElo "2123"]
[PlyCount "58"]
[EventDate "2024.01.16"]
[EventType "swiss (blitz)"]
[EventRounds "11"]
[EventCountry "USA"]
[SourceTitle "CB04_2024"]
[SourceDate "2023.10.16"]
[SourceVersion "1"]
[SourceVersionDate "2023.10.16"]
[SourceQuality "1"]

1. e4 d6 2. d4 g6 3. Nc3 Bg7 4. Be3 Nf6 5. f3 0-0 6. Bd3 c6 7. Nge2 Nbd7 8. h4 e5 9. Qd2 Qc7 10. g4 h5 11. gxh5 Nxh5 12. 0-0-0 b5 13. d5 b4 14. Nb1 c5 15. b3 a5 16. Bb5 Ba6 17. Bxa6 Rxa6 18. Rdg1 a4 19. Bh6 axb3 20. axb3 Ra1 21. Bxg7 Kxg7 22. Kb2 Qa5 23. Rxg6+ fxg6 24. Qg5 Qa2+ 25. Kc1 Qxb1+ 26. Kd2 Qxh1 27. Qe7+ Rf7 28. Qxd6 Rd1+ 29. Ke3 Qxf3# 0-1

[Event "Titled Tuesday intern op 16th Jan Early"]
[Site "Chess.com INT"]
[Date "2024.01.16"]
[Round "11"]
[White "Winkels, Marcel"]
[Black "Radzhabov, Rodion"]
[Result "1-0"]
[WhiteElo "1901"]
[BlackElo "2265"]
[PlyCount "51"]
[EventDate "2024.01.16"]
[EventType "swiss (blitz)"]
[EventRounds "11"]
[EventCountry "USA"]
[SourceTitle "CB04_2024"]
[SourceDate "2023.10.16"]
[SourceVersion "1"]
[SourceVersionDate "2023.10.16"]
[SourceQuality "1"]

1. e4 d6 2. d4 Nf6 3. Nc3 e5 4. Nf3 Nbd7 5. g4 h6 6. Rg1 Be7 7. Be3 c6 8. Qd2 Qc7 9. 0-0-0 b6 10. h4 Bb7 11. g5 hxg5 12. hxg5 Nh7 13. Bc4 Nhf8 14. Kb1 b5 15. Bb3 a5 16. a4 b4 17. Ne2 Ng6 18. Rh1 0-0-0 19. d5 cxd5 20. Bxd5 Bxd5 21. Qxd5 Rxh1 22. Rxh1 Rf8 23. Qa8+ Qb8 24. Qa6+ Qb7 25. Qxa5 Bd8 26. Qb5 1-0

[Event "Titled Tuesday intern op 09th Jan Early"]
[Site "Chess.com INT"]
[Date "2024.01.09"]
[Round "3"]
[White "Kiseleva, Simona"]
[Black "Radzhabov, Rodion"]
[Result "0-1"]
[WhiteElo "2174"]
[BlackElo "2265"]
[PlyCount "98"]
[EventDate "2024.01.09"]
[EventType "swiss (blitz)"]
[EventRounds "11"]
[EventCountry "USA"]
[SourceTitle "CB03_2024"]
[SourceDate "2024.01.17"]
[SourceVersion "1"]
[SourceVersionDate "2024.01.17"]
[SourceQuality "1"]

1. d4 Nf6 2. c4 e6 3. Nc3 Bb4 4. Qc2 c5 5. e3 0-0 6. Bd3 d5 7. cxd5 cxd4 8. exd4 Qxd5 9. Nf3 Qh5 10. 0-0 Nc6 11. h3 Rd8 12. Rd1 e5 13. dxe5 Bxh3 14. Bf4 Bxc3 15. bxc3 Nd5 16. Bg3 Bg4 17. Be4 Nde7 18. Rxd8+ Rxd8 19. Rd1 Rc8 20. Rd2 Qh6 21. Rd6 Qh5 22. Qd2 Bf5 23. Ng5 h6 24. Bxf5 Nxf5 25. Ne4 Nxd6 26. exd6 Re8 27. f3 Qf5 28. Bf2 Ne5 29. Nc5 Nd7 30. Nxd7 Qxd7 31. c4 b6 32. Bg3 Re6 33. Kh2 f6 34. Qd5 Kf7 35. a3 Kg6 36. Qd3+ Kf7 37. Qd5 g6 38. Qd2 g5 39. Qd3 Kg7 40. Qd5 h5 41. f4 h4 42. Bf2 Qxd6 43. Qf5 Qxf4+ 44. Qxf4 gxf4 45. Bxh4 Rc6 46. g3 fxg3+ 47. Bxg3 Rxc4 48. Bb8 Ra4 49. Bd6 Kf7 0-1

[Event "Titled Tuesday intern op 29th Aug Early"]
[Site "Chess.com INT"]
[Date "2023.08.29"]
[Round "1"]
[White "Monpeurt, Cyrielle"]
[Black "Radzhabov, Rodion"]
[Result "1-0"]
[WhiteElo "2129"]
[BlackElo "2271"]
[PlyCount "127"]
[EventDate "2023.08.29"]
[EventType "swiss (blitz)"]
[EventRounds "11"]
[EventCountry "USA"]
[SourceTitle "EXT 2024"]
[Source "ChessBase"]
[SourceDate "2023.10.10"]
[SourceVersion "1"]
[SourceVersionDate "2023.10.10"]
[SourceQuality "1"]

1. e4 c5 2. Nf3 e6 3. d4 cxd4 4. Nxd4 Nf6 5. Nc3 Nc6 6. Ndb5 d6 7. Bf4 e5 8. Bg5 a6 9. Na3 b5 10. Bxf6 gxf6 11. Nd5 f5 12. Bd3 Be6 13. c3 Bg7 14. Qh5 h6 15. 0-0 Rc8 16. Ne3 f4 17. Nf5 Bxf5 18. exf5 Qg5 19. Qh3 Bf6 20. Be4 Ne7 21. Rad1 Rd8 22. Rd2 f3 23. Rfd1 fxg2 24. c4 b4 25. Nc2 Rg8 26. Ne3 h5 27. Nd5 Nxd5 28. Rxd5 Ke7 29. Qb3 Qf4 30. Qxb4 Bh4 31. Qb7+ Kf8 32. R5d2 Rg4 33. Bf3 Rg5 34. Qc7 Rxf5 35. Rxd6 Rxd6 36. Qxd6+ Kg7 37. Qd3 Qxf3 38. Qxf3 Rxf3 39. Rd2 Bg5 40. Rc2 e4 41. Kxg2 h4 42. c5 h3+ 43. Kf1 e3 44. c6 Rxf2+ 45. Rxf2 Bd8 46. Re2 Bb6 47. b4 f5 48. c7 Bxc7 49. Rxe3 Bxh2 50. Rxh3 Bd6 51. a3 Kg6 52. Ke2 Kg5 53. Kf3 Be5 54. Rh7 Bb2 55. a4 Bc3 56. b5 axb5 57. axb5 Bd4 58. Rb7 Kf6 59. Rd7 Bc5 60. Rc7 Bd4 61. Rc6+ Ke5 62. b6 Kd5 63. b7 Ba7 64. Rc8 1-0

[Event "Titled Tuesday intern op 08th Aug Early"]
[Site "Chess.com INT"]
[Date "2023.08.08"]
[Round "4"]
[White "Radzhabov, Rodion"]
[Black "Gordon, Frederick"]
[Result "1-0"]
[WhiteElo "2271"]
[BlackElo "2253"]
[PlyCount "57"]
[EventDate "2023.08.08"]
[EventType "swiss (blitz)"]
[EventRounds "11"]
[EventCountry "USA"]
[SourceTitle "EXT 2024"]
[Source "ChessBase"]
[SourceDate "2023.10.10"]
[SourceVersion "1"]
[SourceVersionDate "2023.10.10"]
[SourceQuality "1"]

1. e4 c5 2. Nf3 Nc6 3. Bb5 g6 4. Bxc6 dxc6 5. d3 Bg7 6. h3 Qc7 7. Nc3 e5 8. Be3 b6 9. Qd2 h6 10. 0-0 Ne7 11. Nh2 Be6 12. f4 exf4 13. Bxf4 Be5 14. Bxe5 Qxe5 15. Nf3 Qg7 16. e5 g5 17. Ne4 0-0-0 18. a4 a5 19. Qf2 Ng6 20. b4 axb4 21. a5 Nxe5 22. axb6 Nxf3+ 23. Qxf3 Qd4+ 24. Kh1 f5 25. Qg3 f4 26. Qf2 Qxf2 27. Rxf2 Bf5 28. Nxc5 Rhe8 29. Ra8# 1-0

[Event "Astana Zhuldyzdary op-A"]
[Site "Astana"]
[Date "2023.07.13"]
[Round "4"]
[White "Ohanyan, Emin"]
[Black "Radzhabov, Rodion"]
[Result "1-0"]
[WhiteElo "2489"]
[BlackElo "2303"]
[PlyCount "85"]
[EventDate "2023.07.11"]
[EventType "swiss"]
[EventRounds "10"]
[EventCountry "KAZ"]
[SourceTitle "CBM 215 Extra"]
[Source "ChessBase"]
[SourceDate "2023.09.30"]
[SourceVersion "1"]
[SourceVersionDate "2023.09.30"]
[SourceQuality "1"]

1. Nf3 Nf6 2. c4 e6 3. Nc3 c5 4. g3 b6 5. Bg2 Bb7 6. 0-0 Be7 7. d4 cxd4 8. Qxd4 d6 9. Rd1 a6 10. b3 Nbd7 11. Ba3 Nc5 12. Ne1 Qc7 13. Rac1 0-0 14. Bb2 Rfd8 15. h4 Rac8 16. e4 Bf8 17. Qe3 Qb8 18. b4 Ncd7 19. Nb1 b5 20. cxb5 axb5 21. Qe2 Bc6 22. g4 Qb7 23. Nd2 d5 24. e5 Ne4 25. Nd3 Nxd2 26. Qxd2 d4 27. Rxc6 Rxc6 28. Qg5 Ra8 29. Bxd4 Nb6 30. Bxc6 Qxc6 31. Bxb6 Qxb6 32. Rd2 Qd4 33. Qf4 Qc3 34. Nc5 Qc1+ 35. Kh2 h5 36. Nb3 Qb1 37. gxh5 Rxa2 38. Rd7 Qf5 39. Qxf5 exf5 40. Rd8 g5 41. hxg5 Rxf2+ 42. Kg3 Rf1 43. Nc5 1-0

[Event "Astana Zhuldyzdary op-A"]
[Site "Astana"]
[Date "2023.07.11"]
[Round "1"]
[White "Radzhabov, Rodion"]
[Black "Kaliakhmet, Elnaz"]
[Result "1-0"]
[WhiteElo "2303"]
[BlackElo "1818"]
[PlyCount "67"]
[EventDate "2023.07.11"]
[EventType "swiss"]
[EventRounds "10"]
[EventCountry "KAZ"]
[SourceTitle "CBM 215 Extra"]
[Source "ChessBase"]
[SourceDate "2023.09.30"]
[SourceVersion "1"]
[SourceVersionDate "2023.09.30"]
[SourceQuality "1"]

1. e4 c5 2. Nc3 Nc6 3. Bb5 Nd4 4. Bc4 d6 5. Nge2 Nf6 6. 0-0 a6 7. a4 g6 8. d3 Nc6 9. f4 Bg7 10. f5 0-0 11. fxg6 hxg6 12. Bg5 Ne5 13. Ba2 Bg4 14. h3 Bd7 15. Qe1 b5 16. axb5 axb5 17. Qh4 c4 18. d4 Nc6 19. Nd5 Nxd5 20. exd5 Nb4 21. Bxe7 Qb6 22. Bxf8 Kxf8 23. c3 Nc2 24. Rac1 Ne3 25. Bb1 Nxf1 26. Rxf1 Kg8 27. Ng3 b4 28. Qe7 Be8 29. Ne4 Rd8 30. Ng5 Bf8 31. Qe4 Qc7 32. Qh4 Bg7 33. Qh7+ Kf8 34. Ne6+ 1-0

[Event "Titled Tuesday intern op 04th Jul Early"]
[Site "Chess.com INT"]
[Date "2023.07.04"]
[Round "5"]
[White "Rottenwohrer Suarez, Juan"]
[Black "Radzhabov, Rodion"]
[Result "1-0"]
[WhiteElo "2271"]
[BlackElo "2303"]
[PlyCount "75"]
[EventDate "2023.07.04"]
[EventType "swiss (blitz)"]
[EventRounds "11"]
[EventCountry "USA"]
[SourceTitle "EXT 2024"]
[Source "ChessBase"]
[SourceDate "2023.10.10"]
[SourceVersion "1"]
[SourceVersionDate "2023.10.10"]
[SourceQuality "1"]

1. c4 Nf6 2. g3 e6 3. Bg2 d5 4. Nf3 Be7 5. 0-0 0-0 6. b3 c5 7. cxd5 Nxd5 8. Bb2 Nc6 9. Nc3 Bf6 10. Qc2 b6 11. Nxd5 exd5 12. Bxf6 Qxf6 13. d4 cxd4 14. Rfd1 Ba6 15. Qd2 d3 16. exd3 d4 17. Ng5 Rac8 18. Ne4 Qe5 19. Re1 Qa5 20. Rad1 Qxd2 21. Rxd2 Nb4 22. Bf1 Rfe8 23. Red1 Rc6 24. h4 f5 25. Ng5 h6 26. Nf3 Rd8 27. Bh3 g6 28. h5 g5 29. Bxf5 Rf6 30. Be4 Nd5 31. Nxd4 Nc3 32. Rc1 Nxe4 33. dxe4 Rfd6 34. Rcd1 Kf7 35. Nf3 Rxd2 36. Rxd2 Rc8 37. Ne5+ Ke6 38. Nc4 1-0

[Event "Titled Tuesday intern op 06th Jun Early"]
[Site "Chess.com INT"]
[Date "2023.06.06"]
[Round "5"]
[White "Radzhabov, Rodion"]
[Black "Shevchenko, Kirill"]
[Result "0-1"]
[WhiteElo "2308"]
[BlackElo "2694"]
[PlyCount "94"]
[EventDate "2023.06.06"]
[EventType "swiss (blitz)"]
[EventRounds "11"]
[EventCountry "USA"]
[SourceTitle "EXT 2024"]
[Source "ChessBase"]
[SourceDate "2023.10.10"]
[SourceVersion "1"]
[SourceVersionDate "2023.10.10"]
[SourceQuality "1"]

1. e4 e6 2. Nc3 d5 3. Qe2 Be7 4. f4 c5 5. Nf3 Nc6 6. d3 Nf6 7. g3 0-0 8. e5 Nd7 9. Bg2 b5 10. 0-0 b4 11. Nd1 a5 12. Ne3 Ba6 13. h4 Rc8 14. h5 Qc7 15. Rf2 f6 16. Bh3 Nd8 17. exf6 Bxf6 18. h6 gxh6 19. Ng4 Bg7 20. Bd2 h5 21. Nge5 Nxe5 22. fxe5 Qe7 23. Raf1 Nf7 24. Bf4 a4 25. Kh2 b3 26. axb3 axb3 27. c3 Qe8 28. Qe3 Rc6 29. Ra1 Nh8 30. d4 Ng6 31. dxc5 Bc8 32. Nd4 Rxc5 33. Nxe6 Bxe6 34. Bxe6+ Qxe6 35. Qxc5 h4 36. Raf1 Rc8 37. Qd6 Qg4 38. e6 Qh5 39. Kg2 hxg3 40. Bxg3 Qg4 41. e7 Re8 42. Qxd5+ Kh8 43. Qf7 Rxe7 44. Qf4 Nxf4+ 45. Rxf4 Qe2+ 46. R1f2 Qe6 47. R4f3 h5 0-1

[Event "Titled Tuesday intern op 06th Jun Early"]
[Site "Chess.com INT"]
[Date "2023.06.06"]
[Round "1"]
[White "Tarasova, Viktoriya"]
[Black "Radzhabov, Rodion"]
[Result "0-1"]
[WhiteElo "2226"]
[BlackElo "2308"]
[PlyCount "78"]
[EventDate "2023.06.06"]
[EventType "swiss (blitz)"]
[EventRounds "11"]
[EventCountry "USA"]
[SourceTitle "EXT 2024"]
[Source "ChessBase"]
[SourceDate "2023.10.10"]
[SourceVersion "1"]
[SourceVersionDate "2023.10.10"]
[SourceQuality "1"]

1. d4 Nf6 2. c4 e6 3. Nc3 Bb4 4. Nf3 c5 5. d5 0-0 6. dxe6 fxe6 7. g3 d5 8. Bd2 d4 9. Nb1 Nc6 10. Bg2 e5 11. 0-0 e4 12. Ne1 Be6 13. b3 Qd7 14. a3 Bxd2 15. Nxd2 e3 16. fxe3 dxe3 17. Ne4 Qe7 18. Nxf6+ Rxf6 19. Rxf6 Qxf6 20. Nd3 Nd4 21. Qf1 Nxe2+ 22. Kh1 Qd4 23. Re1 Qxd3 24. Qxe2 Qxe2 25. Rxe2 Rd8 26. Bxb7 Rd3 27. Bd5 Bxd5+ 28. cxd5 Rxb3 29. Kg2 Kf7 30. a4 Ke7 31. Kf3 Kd6 32. Ke4 a5 33. h4 c4 34. Kd4 c3 35. Kd3 Kxd5 36. Kxe3 Kc4 37. Rf2 Rb4 38. Rf4+ Kb3 39. Kd3 Rxf4 0-1

[Event "Titled Tuesday intern op 23rd May Early"]
[Site "Chess.com INT"]
[Date "2023.05.23"]
[Round "2"]
[White "Manukian, Artak"]
[Black "Radzhabov, Rodion"]
[Result "0-1"]
[WhiteElo "2196"]
[BlackElo "2308"]
[PlyCount "76"]
[EventDate "2023.05.23"]
[EventType "swiss (blitz)"]
[EventRounds "11"]
[EventCountry "USA"]
[SourceTitle "CBM 214 Extra"]
[Source "ChessBase"]
[SourceDate "2023.07.31"]
[SourceVersion "1"]
[SourceVersionDate "2023.07.31"]
[SourceQuality "1"]

1. e4 c5 2. Nf3 e6 3. c3 Nf6 4. e5 Nd5 5. d4 cxd4 6. cxd4 b6 7. Nc3 Nxc3 8. bxc3 Ba6 9. Bxa6 Nxa6 10. 0-0 Be7 11. a4 Rc8 12. Qd3 Nc7 13. Ba3 Nd5 14. Bxe7 Qxe7 15. Rfc1 0-0 16. a5 b5 17. a6 Rc4 18. Nd2 Rc6 19. Ne4 f5 20. Nd6 Qg5 21. g3 b4 22. c4 Nc3 23. f4 Qg4 24. Rxc3 bxc3 25. Qxc3 g5 26. Qe3 gxf4 27. Qxf4 Rb8 28. Qxg4+ fxg4 29. Kf2 Rb2+ 30. Ke3 Rxh2 31. Rb1 Rxa6 32. Rb8+ Kg7 33. Rb7 h5 34. Rxd7+ Kg6 35. Re7 Ra3+ 36. Kf4 Rf2+ 37. Ke4 Re2+ 38. Kf4 Rf3# 0-1